鉄道会社のロゴクイズ - Statistics

General Stats
  • This quiz has been taken 654 times
  • The average score is 19 of 23
Answer Stats
Picture Answer % Correct
東京地下鉄
92%
小田急電鉄
91%
東日本旅客鉄道
89%
東武鉄道
88%
京王電鉄
88%
九州旅客鉄道
88%
西日本旅客鉄道
88%
東海旅客鉄道
88%
北海道旅客鉄道
88%
四国旅客鉄道
87%
東急電鉄
86%
日本貨物鉄道
86%
西武鉄道
85%
名古屋鉄道
84%
京成電鉄
82%
相模鉄道
82%
阪急電鉄
81%
京浜急行電鉄
81%
西日本鉄道
77%
南海電気鉄道
75%
京阪電気鉄道
74%
近畿日本鉄道
68%
阪神電気鉄道
65%
No matching quizzes found
Score Distribution
Percent of People with Each Score
Percentile by Number Answered
Your Score History
You have not taken this quiz